| 000 | 00786cam a2200265 a 4500 | ||
|---|---|---|---|
| 005 | 20260322212050.0 | ||
| 008 | data | ||
| 010 | _a 89023825 | ||
| 020 | _a0831759992 | ||
| 020 | _a9780831759995 | ||
| 040 |
_aDLC _cDLC _dDLC |
||
| 050 | 0 | 0 |
_aQE501 _b.B818 1990 |
| 082 | 0 | 0 |
_a550 _220 |
| 092 | _a550 B818 1990 | ||
| 100 | 1 |
_aBrown, Bruce, _d1950- |
|
| 245 | 1 | 4 |
_aThe miracle planet / _cBruce Brown & Lane Morgan. |
| 260 |
_aNew York City : _bGallery Books, _c[1990] |
||
| 300 |
_axi, 257 p. : _bcol. ill. ; _c32 cm. |
||
| 500 | _a"Based on the acclaimed PBS television series."--Jkt. | ||
| 504 | _aIncludes bibliographical references (p. 242-249) and index. | ||
| 651 | 0 | _aEarth. | |
| 700 | 1 |
_aMorgan, Lane, _d1949- |
|
| 730 | 0 | _aMiracle planet (Television program) | |
| 001 | data | ||
| 999 |
_c1189 _d1189 |
||